000 00598nam a2200217 a 4500
001 BRCA_3500
005 20190320204318.0
008 240709s1848----nyua---###---#000-0#eng-#
041 _aeng
044 _anyu
050 4 _aE405.1
_b.H46 1848
100 1 _aHenry, William Seaton
_d1816-1851
_98255
245 1 0 _aCampaign Sketches of the war with México
_cby W. S. Henry.
260 _aNew York
_bHarper & Brothers
_c1848
300 _a331 p.
_bil.
_c20 cm.
500 _aB85
651 4 _aMéxico
_xHistoria.
_9614
651 4 _aEstados Unidos
_xHistoria.
_99107
902 _aGFM
942 _2lcc
_cB
999 _c3235
_d3235